000 00398nam a2200133Ia 4500
008 100328s9999 xx 000 0 und d
082 _b57080
100 _aसाने हेमा /घाटे विनया
245 _aवृक्ष-वैभव
260 _bज्ञानदा
630 _aवृक्ष-वैभव
730 _aवृक्ष-वैभव
942 _cBOOK
999 _c543558
_d543555